00542nam a2200181Ia 4500003000400000005001700004008004100021020002900062040001700091082002000108100002000128245009300148260003500241300001100276500001900287650002900306650002500335IIN20250521120109.0231217s2016 xx ad 001 0 eng d cRs.175.00a9788181914491 aIINbEnglish a362.10425 bKUL1 aKulkarni, A.T.  2aPracticals in Community MedicinebClinico-social Case Studios & Spotters/cA.T. Kulkarni aHyderabadbParas Medicalc2016 a148 p. aIncludes Index1 aCommunity Health Nursing1 aMedicinevCommunity